Metodología de las cuentas nacionales de Colombia / (Registro nro. 8538)
[ vista simple ]
| 000 -LEADER | |
|---|---|
| fixed length control field | 01143nam a2200217Ia 4500 |
| 003 - CONTROL NUMBER IDENTIFIER | |
| control field | OSt |
| 005 - DATE AND TIME OF LATEST TRANSACTION | |
| control field | 20210910140623.0 |
| 008 - FIXED-LENGTH DATA ELEMENTS--GENERAL INFORMATION | |
| fixed length control field | 210310s1986 ck fr 000 0 spa d |
| 040 ## - CATALOGING SOURCE | |
| Original cataloging agency | CO-JMCR |
| Transcribing agency | CO-JMCR |
| 041 0# - LANGUAGE CODE | |
| Language code of text/sound track or separate title | spa |
| 082 04 - DEWEY DECIMAL CLASSIFICATION NUMBER | |
| Classification number | 339.2861 / |
| Item number | D419m |
| Edition number | 23 |
| 110 2# - MAIN ENTRY--CORPORATE NAME | |
| Corporate name or jurisdiction name as entry element | Colombia. |
| Subordinate unit | Departamento Administrativo Nacional de Estadística DANE |
| 9 (RLIN) | 10536 |
| 245 10 - TITLE STATEMENT | |
| Title | Metodología de las cuentas nacionales de Colombia / |
| Statement of responsibility, etc. | Departamento Administrativo Nacional de Estadística DANE |
| 260 ## - PUBLICATION, DISTRIBUTION, ETC. | |
| Place of publication, distribution, etc. | Bogotá : |
| Name of publisher, distributor, etc. | DANE, |
| Date of publication, distribution, etc. | 1986 |
| 300 ## - PHYSICAL DESCRIPTION | |
| Extent | 291 páginas ; |
| Dimensions | 23 cm. |
| 490 0# - SERIES STATEMENT | |
| Series statement | Colección documentos ; |
| Volume/sequential designation | 3 |
| 500 ## - GENERAL NOTE | |
| General note | Incluye notas a pie de página. |
| 505 0# - FORMATTED CONTENTS NOTE | |
| Formatted contents note | Introducción general al sistema de Cuentas Nacionales -- Cuentas de ingresos y gastos y financiamiento de capital -- Cuentas de producción y de bienes y servicios -- Cuentas de las sociedades y cuasisociedades no financieras y de la instituciones financieras -- Cuentas de las administraciones públicas -- Fuentes y métodos de estimación para las cuentas de producción y de bienes y servicios |
| 650 14 - SUBJECT ADDED ENTRY--TOPICAL TERM | |
| Topical term or geographic name entry element | Cuentas nacionales |
| 9 (RLIN) | 17565 |
| General subdivision | Estadísticas |
| Geographic subdivision | Colombia |
| 942 ## - ADDED ENTRY ELEMENTS (KOHA) | |
| Source of classification or shelving scheme | Dewey Decimal Classification |
| Koha item type | Books |
| Withdrawn status | Lost status | Source of classification or shelving scheme | Damaged status | Not for loan | Collection code | Home library | Current library | Date acquired | Source of acquisition | Full call number | Barcode | Date last seen | Copy number | Koha item type |
|---|---|---|---|---|---|---|---|---|---|---|---|---|---|---|
| Dewey Decimal Classification | Non-fiction | Biblioteca Pública José María del Castillo y Rada | Biblioteca Pública José María del Castillo y Rada | 04/15/2018 | Donación | 339.2861 / D419m | 430006218 | 05/16/2024 | Ej.1 | Books |